000 00824nam a2200229 4500
999 _c10247
_d10247
003 AR-CdUCM
008 190329b ||||| |||| 00| 0 spa d
040 _aMUNICIPALIDAD PROVINCIAL DEL CUSCO
_cBIBLIOTECA MUNICIPAL DEL CUSCO
082 _a523.1 /
_bF56 / 1875
100 _aFlammarion, Camilo
_926984
245 _aLos Mundos Imaginarios y los mundos reales /
260 _aMadrid :
_bImprenta de Gaspar y Roig Editores,
_c1873.
300 _a472 paginas ;
_c20 cm.
505 _aContenido: Asronomia -- aspectos generales -- Antiguedad oriental -- antiguedad occidental --
650 _aAstronomia Antigua
_926985
650 _aCosmologia
_913090
650 _aPluralidad de los mundos
_926986
650 _aUniverso
_918615
700 _aMartinez del Romero, D. A.
_926987
942 _2ddc
_cLIBROS
945 _apjha